Members of New Zealand Parliament - Statistics

General Stats
  • This quiz has been taken 23 times
    13 since last reset
  • The average score is 64 of 119
Answer Stats
Electorate MP % Correct
Auckland Central Chlöe Swarbrick
100%
Remutaka Chris Hipkins
100%
Epsom David Seymour
100%
List Gerry Brownlee
100%
Papakura Judith Collins
100%
Wigram Megan Woods
100%
Pakuranga Simeon Brown
100%
List Andrew Little
75%
List Ayesha Verrall
75%
Mana Barbara Edmonds
75%
List Brooke van Velden
75%
List Camilla Belich
75%
Kelston Carmel Sepuloni
75%
List Chris Bishop
75%
Botany Christopher Luxon
75%
West Coast-Tasman Damien O'Connor
75%
List Elizabeth Kerekere
75%
Wellington Central Grant Robertson
75%
Taieri Ingrid Leary
75%
List James Shaw
75%
List Jan Logie
75%
List Julie-Anne Genter
75%
Te Tai Tokerau Kelvin Davis
75%
East Coast Kiri Allan
75%
List Marama Davidson
75%
Ikaroa-Rāwhiti Meka Whaitiri
75%
List Melissa Lee
75%
Mt Roskill Michael Wood
75%
List Naisi Chen
75%
Hauraki-Waikato Nanaia Mahuta
75%
List Nicola Willis
75%
List Paul Goldsmith
75%
Tāmaki Makaurau Peeni Henare
75%
Waiariki Rawiri Waititi
75%
List Ricardo Menéndez-March
75%
Te Tai Tonga Rino Tirikatene
75%
Tauranga Sam Uffindell
75%
Northcote Shanan Halbert
75%
Tamāki Simon O'Connor
75%
Napier Stuart Nash
75%
Hamilton West Tama Potaka
75%
List Willie Jackson
75%
Northland Willow-Jean Prime
75%
Te Tai Hauāuru Adrian Rurawhe
50%
List Anahila Kanongata'a-Suisuiki
50%
List Angela Roberts
50%
List Angie Warren-Clark
50%
Tukituki Anna Lorck
50%
Manurewa Arena Williams
50%
List Damien Smith
50%
Dunedin David Clark
50%
List Debbie Ngarewa-Packer
50%
New Lynn Deborah Russell
50%
Christchurch Central Duncan Webb
50%
Whangārei Emily Henderson
50%
List Eugenie Sage
50%
Hutt South Ginny Andersen
50%
New Plymouth Glen Bennett
50%
List Golriz Ghahraman
50%
Ōhāriu Greg O'Connor
50%
List Helen White
50%
List Ibrahim Omer
50%
Waitaki Jacqui Dean
50%
Hamilton East Jamie Strange
50%
Rangitata Jo Luxton
50%
List Karen Chhour
50%
Wairarapa Kieran McAnulty
50%
List Liz Craig
50%
List Marja Lubeck
50%
Whangaparāoa Mark Mitchell
50%
Waimakiriri Matt Doocey
50%
List Maureen Pugh
50%
Takanini Neru Leavasa
50%
Rongotai Paul Eagle
50%
Te Atatū Phil Twyford
50%
Christchurch East Poto Williams
50%
Maungakiekie Priyanca Radhakrishnan
50%
Nelson Rachel Boyack
50%
List Rachel Brooking
50%
Ilam Sarah Pallett
50%
Kaikōura Stuart Smith
50%
List Tāmati Coffey
50%
Palmerston North Tangi Utikere
50%
List Teanau Tuiono
50%
Ōtaki Teresa Ngobi
50%
Waikato Tim van de Molen
50%
Bay of Plenty Todd Muller
50%
Māngere William Sio
50%
Port Waikato Andrew Bayly
25%
Taranaki-King Country Barbara Kuriger
25%
List Chris Baillie
25%
Kaipara ki Mahurangi Chris Penk
25%
List Dan Rosewarne
25%
List David Bennett
25%
List David Parker
25%
East Coast Bays Erica Stanford
25%
List Harete Hipango
25%
Rangitīkei Ian McKelvie
25%
List James McDowall
25%
List Jan Tinetti
25%
Panmure-Otāhuhu Jenny Salesa
25%
Southland Joseph Mooney
25%
List Lemauga-Lydia Sosene
25%
Taupō Louise Upston
25%
List Mark Cameron
25%
List Michael Woodhouse
25%
Selwyn Nicola Grigg
25%
List Nicole McKee
25%
Invercargill Penny Simmonds
25%
Coromandel Scott Simpson
25%
List Shane Reti
25%
List Simon Court
25%
North Shore Simon Watts
25%
List Soraya Peke-Mason
25%
Whanganui Steph Lewis
25%
Rotorua Todd McClay
25%
List Toni Severin
25%
Banks Peninsula Tracey McLellan
25%
Upper Harbour Vanushi Walters
25%
No matching quizzes found
Score Distribution
Percent of People with Each Score
Percentile by Number Answered
Your Score History
You have not taken this quiz since the last reset